K záruke a úverom cez programy Za tri roky sa uviedlo do života 1456 podnikateľských zámerov

Podiel Slovenskej záručnej banky (SZB) na podporovaní podnikateľskej sféry svojou záručnou a podpornou činnosťou. Podnikateľský zámer, ako nevyhnutná súčasť žiadosti o prevzatie záruky. Záručné a príspevkové programy. Poradenská a konzultačná činnosť SZB. Rozširovanie aktivít SZB.

Gespeichert in:
Bibliographische Detailangaben
1. Verfasser: Mazúr, V.
Format: Buchkapitel
Sprache:Slowakisch
Schlagworte:
Tags: Tag hinzufügen
Keine Tags, Fügen Sie das erste Tag hinzu!

MARC

LEADER 00000naa a2200000 4500
001 r017346
005 20221213100450.8
041 0 |a slo 
044 |a SK 
245 1 0 |a K záruke a úverom cez programy  |b Za tri roky sa uviedlo do života 1456 podnikateľských zámerov  |c V. Mazúr 
520 |a Podiel Slovenskej záručnej banky (SZB) na podporovaní podnikateľskej sféry svojou záručnou a podpornou činnosťou. Podnikateľský zámer, ako nevyhnutná súčasť žiadosti o prevzatie záruky. Záručné a príspevkové programy. Poradenská a konzultačná činnosť SZB. Rozširovanie aktivít SZB. 
610 2 0 |a Slovenská záručná banka, š.p.ú. Bratislava 
610 2 0 |a záruka 
610 2 0 |a banky 
610 2 0 |a úver bankový 
610 2 0 |a poradenstvo 
610 2 0 |a podnikanie 
610 2 0 |a programy investičné 
610 2 0 |a podpora podnikania 
610 2 0 |a banky záručné 
100 1 |a Mazúr, V.